Nommez une réponse valide - Sciences - Statistiques

Statistiques générales
  • Ce quiz a été pris 185 fois
  • Le résultat moyen est 14 sur 20
Statistiques - réponses
Catégories Réponses possibles Explications complémentaires % Correct
Organe vital (interne) du corps humain Cerveau | Cœur | Foie | Poumons | Reins Les organes vitaux (cerveau, cœur, foie, poumons, reins…) sont les organes indispensables à la survie du corps humain. Une atteinte grave de l'un d'eux mettrait en effet la vie de notre organisme en danger.
97%
Nombre premier compris entre 10 et 100 11 | 13 | 17 | 19 | 23 | 29 | 31 | 37 | 41 | 43 | 47 | 53 | 59 | 61 | 67 | 71 | 73 | 79 | 83 | 89 | 97 Un nombre premier est un nombre qui ne peut être divisé que par 1 et par lui-même.
94%
Élément chimique commençant par la lettre A Actinium | Aluminium | Américium | Antimoine | Argent | Argon | Arsenic | Astate | Azote Les neuf éléments chimiques commençant par la lettre A sont l'Actinium (Ac), l'Aluminium (Al), l'Américium (Am), l'Antimoine (Sb), l'Argent (Ag), l'Argon (Ar), l'Arsenic (As), l'Astate (At) et l'Azote (N).
92%
Changement d'état / Transformation de la matière Condensation | Fusion | Liquéfaction | Solidification | Sublimation | Vaporisation Changement d'état
88%
Scientifique ayant donné son nom à une unité du Système international André-Marie Ampère | Henri Becquerel | Charles-Augustin de Coulomb | Michael Faraday | Louis Gray | Joseph Henry | Heinrich Rudolf Hertz | James Prescott Joule | Lord Kelvin | Isaac Newton | Georg Ohm | Blaise Pascal | Werner von Siemens | Rolf Maximilian Sievert | Nikola Tesla | Alessandro Volta | James Watt | Wilhelm Eduard Weber Ces scientifiques ont donné leur nom aux unités suivantes : Ampère (A) | Becquerel (Bq) | Coulomb (C) | Farad (F) | Gray (Gy) | Henry (H) | Hertz (Hz) | Joule (J) | Kelvin (K) | Newton (N) | Ohm (Ω) | Pascal (Pa) | Siemens (S) | Sievert (Sv) | Tesla (T) | Volt (V) | Watt (W) | Weber (Wb).
87%
Type d'énergie renouvelable Biomasse | Éolienne | Géothermie | Hydraulique | Solaire Contrairement aux énergies fossiles (pétrole, gaz naturel, charbon…) qui s’épuisent inexorablement, les énergies renouvelables (énergies solaire, éolienne, hydraulique, géothermique, biomasse…) proviennent de sources naturelles qui se renouvellent à un rythme supérieur à celui de leur consommation.
84%
Gaz à effet de serre Dioxyde de carbone (CO2) | Méthane (CH4) | Ozone troposphérique (O3) | Protoxyde d'azote (N2O) | Vapeur d'eau (H2O) Les gaz à effet de serre (GES) sont des gaz présents dans l'atmosphère terrestre qui absorbent et retiennent une partie du rayonnement infrarouge émis par la surface de la Terre. Lorsqu'ils sont présents en quantité équilibrée, ils permettent de maintenir notre planète à une température stable (d'environ + 15 °C). Cependant, les activités humaines tendent à augmenter la concentration de ces GES dans l'atmosphère, générant un effet de serre additionnel et contribuant ainsi au réchauffement climatique.
82%
Type de nuage Altocumulus | Altostratus | Cirrocumulus | Cirrostratus | Cirrus | Cumulonimbus | Cumulus | Nimbostratus | Stratocumulus | Stratus On distingue les nuages de basse (stratocumulus / stratus), moyenne (altocumulus / altostratus) et haute (cirrocumulus / cirrostratus / cirrus) altitude. Le cumulonimbus, le cumulus et le nimbostratus occupent, quant à eux, plusieurs niveaux d'altitude (en raison de leur extension de type verticale).
80%
Lauréat français du Prix Nobel de Chimie (entre 1901 et 2025) Moungi G. Bawendi | Emmanuelle Charpentier | Yves Chauvin | Marie Curie | Victor Grignard | Frédéric Joliot-Curie | Irène Joliot-Curie | Jean-Marie Lehn | Henri Moissan | Paul Sabatier | Jean-Pierre Sauvage Henri Moissan (1906), Marie Curie (1911), Victor Grignard (1912), Paul Sabatier (1912), Frédéric Joliot-Curie (1935), Irène Joliot-Curie (1935), Jean-Marie Lehn (1987), Yves Chauvin (2005), Jean-Pierre Sauvage (2016), Emmanuelle Charpentier (2020) et Moungi G. Bawendi (2023) sont les lauréats français du Prix Nobel de Chimie.
78%
Osselet de l'oreille Enclume | Étrier | Marteau Les osselets de l'oreille moyenne - le marteau, l'enclume et l'étrier (ainsi nommés en raison de leur ressemblance avec ces outils) - jouent un rôle essentiel dans la transmission des vibrations sonores du tympan vers l'oreille interne.
76%
Grandeur physique impliquée dans la loi d'Ohm (U = R * I) Intensité | Résistance | Tension Les grandeurs physiques impliquées dans la loi d'Ohm sont effectivement la tension (U), la résistance (R) et l'intensité (I).
71%
Phase de la Lune Dernier Croissant | Dernier Quartier | Gibbeuse Croissante | Gibbeuse Décroissante | Nouvelle Lune | Pleine Lune | Premier Croissant | Premier Quartier L'ordre des phases de la Lune est le suivant : Nouvelle Lune, Premier Croissant, Premier Quartier, Gibbeuse Croissante, Pleine Lune, Gibbeuse Décroissante, Dernier Quartier, Dernier Croissant.
69%
Couche de l'atmosphère terrestre Exosphère | Mésosphère | Stratosphère | Thermosphère | Troposphère Les couches de l'atmosphère (classées de la plus proche à la plus éloignée de la surface terrestre) sont la troposphère, la stratosphère, la mésosphère, la thermosphère et l'exosphère.
65%
Résultat de l'équation : (x - 5) * (2x - 12) = 0 x = 5 | x = 6 Un produit de plusieurs nombres est nul si et seulement si au moins l'un de ses facteurs est nul. Ainsi, (x - 5) * (2x - 12) = 0 revient à résoudre : x - 5 = 0 ou 2x - 12 = 0 x = 5 ou 2x = 12 x = 5 ou x = 12 ÷ 2 x = 5 ou x = 6.
63%
Lobe du cerveau Frontal | Insulaire | Limbique | Occipital | Pariétal | Temporal Le lobe frontal est impliqué dans l’initiation / la coordination des mouvements, et dans les fonctions cognitives dites "supérieures" (langage, prise de décision, planification, raisonnement…). Le cortex insulaire intervient dans la perception des émotions (peur, colère, joie, tristesse…) / la conscience de soi, et est souvent associé au lobe limbique dont il partage certaines fonctions. Le lobe occipital prend part dans le traitement de l'information visuelle (reconnaissance des formes, des couleurs…). Le lobe pariétal participe au repérage dans l'espace et traite les informations sensorielles (toucher, température, douleur…). Le lobe temporal joue, quant à lui, un rôle dans la compréhension du langage / la mémoire / l'audition, et dans la régulation des émotions.
60%
Préfixe du Système international des unités Atto | Centi | Déca | Déci | Exa | Femto | Giga | Hecto | Kilo | Méga | Micro | Milli | Nano | Péta | Pico | Quecto | Quetta | Ronna | Ronto | Téra | Yocto | Yotta | Zetta | Zepto Quetta (1030) | Ronna (1027) | Yotta (1024) | Zetta (1021) | Exa (1018) | Péta (1015) | Téra (1012) | Giga (109) | Méga (106) | Kilo (103) | Hecto (102) | Déca (101) | Déci (10-1) | Centi (10-2) | Milli (10-3) | Micro (10-6) | Nano (10-9) | Pico (10-12) | Femto (10-15) | Atto (10-18) | Zepto (10-21) | Yocto (10-24) | Ronto (10-27) | et Quecto (10-30) sont les préfixes du Système international des unités.
56%
Étape de la mitose Anaphase | Métaphase | Prophase | Télophase La mitose (= processus par lequel une cellule mère se divise en deux cellules filles identiques) se déroule en quatre phases : la prophase, la métaphase, l'anaphase et la télophase.
42%
Acide Aminé Alanine | Arginine | Asparagine | Aspartate | Cystéine | Glutamate | Glutamine | Glycine | Histidine | Isoleucine | Leucine | Lysine | Méthionine | Phénylalanine | Proline | Sérine | Thréonine | Tryptophane | Tyrosine | Valine Les acides aminés, constituants de base des protéines, peuvent être classés en deux groupes distincts : les acides aminés essentiels (Histidine, Isoleucine, Leucine, Lysine, Méthionine, Phénylalanine, Thréonine, Tryptophane, Valine), et non essentiels (Alanine, Arginine, Asparagine, Aspartate, Cystéine, Glutamate, Glutamine, Glycine, Proline, Sérine, Tyrosine).
34%
Mot composant l'acronyme "HTML" Hyper | Language | Markup | Text L'acronyme "HTML" signifie "HyperText Markup Language" (soit "langage de balisage d'hypertexte" en français).
33%
Satellite naturel (ou "lune") de Mars Déimos | Phobos Mars possède deux satellites naturels : Déimos (orbitant à ≈ 23 000 km de Mars) et Phobos (orbitant à ≈ 6 000 km de Mars).
22%
Aucun quiz correspondant
Distribution des résultats
% des personnes avec chaque résultat
Percentile par nombre de réponses
Votre historique - résultats
Vous n’avez pas pris ce quiz